Kế hoạch 5 năm giai đoạn 2011 - 2015 của tỉnh Đồng Nai

Saved in:
Bibliographic Details
Main Author: Loan Trần
Format: Book
Language:Undetermined
Subjects:
Online Access:http://lrc.tdmu.edu.vn/opac/search/detail.asp?aID=2&ID=23743
Tags: Add Tag
No Tags, Be the first to tag this record!
Institutions: Trung tâm Học liệu Trường Đại học Thủ Dầu Một
LEADER 00618nam a2200145Ia 4500
001 TDMU_23743
008 210410s9999 xx 000 0 und d
082 |a 330.959775 
100 |a Loan Trần 
245 0 |a Kế hoạch 5 năm giai đoạn 2011 - 2015 của tỉnh Đồng Nai 
245 0 |c Loan Trần 
300 |a Tr.141-144 
650 |a Đồng Nai; Kinh tế Xã hội; Kế hoạch phát triển ; Kế hoạch 5 năm; Chính trị Xã hội  
856 |u http://lrc.tdmu.edu.vn/opac/search/detail.asp?aID=2&ID=23743 
980 |a Trung tâm Học liệu Trường Đại học Thủ Dầu Một